000 01321nam0a22003131 4500
001 rc\3625381
005 20130115144501.1
021 _aRU
_b[72-57321]
035 _a(NLR Aleph) 007822542
090 _a7748567
_c7748567
100 _a20130115d1972 |||y0rusy50 ca
101 0 _arus
102 _aRU
105 _aa z |||||
200 1 _aПароль - "Брусника"
_e[О сов. разведчице М.Б. Осиповой
_fВступит. статья Героя Сов. Союза И. Тимчука
210 _aМосква]
_cМол. гвардия
_d1972
215 _a176 с., 8 л. ил.
_cил.
_d17
225 1 _aЧесть. Отвага. Мужество
532 1 3 _aПароль - Брусника
606 _aРазведка и контрразведка в Великой Отечественной войне 1941-1945 гг.
_2psbo
606 _aПартизанское движение в Великой Отечественной войне 1941-1945 гг.
_yМинск
_2psbo
700 1 _aМатвеев
_bН. С.
_gНиколай Сергеевич
702 1 _aТимчук
_bИ.
_4080
702 1 _aОсипова
_bМ. Б.
_gМария Борисовна
_4570
801 0 _aRU
_bNLR
_gpsbo
801 1 _aRU
_bELAR
_2rusmarc
852 _aNLR
_j72-2/1205
942 _cBOOK
980 _aNB